| 000 | 00643 a2200193 4500 | ||
|---|---|---|---|
| 999 |
_c7758 _d7758 |
||
| 020 | _a0821348353 | ||
| 050 | 0 | 0 | _aHJ 192.5 BRI 2002 |
| 100 |
_aBrixi, Hana Polackova _eeditor |
||
| 245 | 0 | 0 |
_aGovernment at risk : _bcontingent liabilities and fiscal risk / _cHana Polackova Brixi and Allen Schick |
| 264 |
_aNew York : _bOxford University Press, _c2002 |
||
| 300 |
_axi, 471 p. : _bill. ; |
||
| 500 | _aIncludes bibliographical references | ||
| 504 | _aIncludes bibliographical references | ||
| 650 | 0 | _aFiscal policy. | |
| 650 | 0 | _aFinance, Public. | |
| 650 | 0 | _aRisk. | |
| 700 | 1 |
_aSchick, Allen _eeditor |
|
| 942 |
_2lcc _cBK _h192.5 _iBRI _kHJ |
||